000 00746nam a22002177a 4500
999 _c6165
_d6165
003 AR-CdUCM
008 190313b ||||| |||| 00| 0 spa d
040 _aMUNICIPALIDAD PROVINCIAL DEL CUSCO
_cBIBLIOTECA MUNICIPAL DEL CUSCO
082 _a869.62 /
_bAG32
100 _aAguilera Malta, Demetrio
_911915
245 _aDon Goyo :
_bNovela Americana /
260 _aEcuador :
_bPublicaciones Educativas Ariel ;
300 _a199 páginas ;
_c18cm
440 _aColección Clásicos Ariel, Biblioteca de Autores Ecuatorianos
_n6
_917831
500 _aDonación de la familia Nieto
505 _aContenido: Novela
650 _aNovela ecuatoriana
_917323
650 _aLiteratura latinoamericana
_96194
942 _2ddc
_cLIBROS
945 _anom